01123cam a22003135a 4500001001000000003000400010005001700014008004100031020001800072020001500090040004000105082002100145100002500166245007900191250003100270260004400301300003400345500002400379504005100403650005100454650003200505651001000537653002700547700002800574700002500602942000800627999001700635952015700652016175826OSt20161127154830.0120815t2013 njua frb 001 0 eng d a9780205895342 a0205895344 aStDuBDSbengcStDuBDSdUkdEG-ScBUE04a150.727222bARO1 aAron, Arthur.93743010aStatistics for psychology /cArthur Aron, Elliot J. Coups, Elaine N. Aron. a6th ed., International ed. aUpper Saddle River :bPearson,cc.2013. axvi, 728 p. :bill. ;c26 cm. aPrevious ed.: 2009. aIncludes bibliographical references and index. 7aPsychologyxStatistical methods.2BUEsh939934 7aPsychometrics.2BUEsh94480 2BUEsh bHHUUPPSScNovember20161 aCoups, Elliot J.9374321 aAron, Elaine.937433 2ddc c23365d23337 00102ddc40708BaccahaMAINbMAINcLOWd2016-11-27ePurchaseg340.00h25135l3m1o150.727 AROp000040105r2025-07-15 00:00:00s2019-09-17v425.00yBB